000 00576nam a22002177a 4500
005 20170124110105.0
010 _aA-813308
020 _c100.00
_a8171897746
035 _aA-813308
037 _bCen Lib/Ret
040 _aDPL
_bEN
082 _aS
_bGAN
100 _aGandotra, H.K.L.
_927981
245 _aViolent passion /
_cby H.K.L. Gandotra
260 _aCalcutta
_bWriters workshop publications
_c1995
270 _bCalcutta
_e700045
300 _a62p.
_c21cm(Hb)
650 _aLiterature
_96262
650 _aShort stories
_944
942 _2ddc
_cEN
_hS
_mGAN
999 _c129983
_d129983